Statistické metody v tržním hospodářství

Uložené v:
Podrobná bibliografia
Hlavný autor: Seger, Jan
Ďalší autori: Hindls, Richard
Médium: Kniha
Jazyk:Czech
Vydavateľské údaje: Praha Victoria Publ. 1995
Vydanie:1. vyd.
Predmet:
Tagy: Pridať tag
Žiadne tagy, Buďte prvý, kto otaguje tento záznam!

MARC

LEADER 00000nam a2200000 4500
001 c013296
005 20221214072824.5
020 |a 80-7187-058-7 
041 0 |a cze 
044 |a CZ 
245 1 0 |a Statistické metody v tržním hospodářství  |c Jan Seger, Richard Hindls 
250 |a 1. vyd. 
264 1 |a Praha  |b Victoria Publ.  |c 1995 
300 |a 435 s. 
610 2 0 |a štatistika 
610 2 0 |a pravdepodobnosť 
610 2 0 |a analýza korelačná 
610 2 0 |a analýza regresná 
610 2 0 |a rady časové 
610 2 0 |a metódy štatistické 
610 2 0 |a využitie počítačov 
610 2 0 |a STATGRAPHICS 
100 1 |a Seger, Jan 
700 1 |a Hindls, Richard